000
00228 a2200097 4500
001
39022
100
_a
Mathwork
245
_a
The Student Edition of MATLAB Ver-4
260
_a
U S A
_b
Prentice Hall
_c
1995
090
_c
24626
_d
24626
942
_a
NUST-CAE
_c
M
_c
16254
999
_c
274095
_d
274095